Statistiken für Top 15 der betroffenen Covid-19-Länder - 17. Juni

Klicken Sie hier um das Quiz zu spielen!

Allgemein

  • Dieses Quiz wurde 16 mal gespielt
  • Das Durchschnittsergebnis liegt bei 15 aus 27

Antwortstatistiken

Land% Korrekt
Italien
100%
Spanien
100%
Vereinigte Staaten
100%
Deutschland
94%
Russland
88%
Brasilien
81%
Vereinigtes Königreich
81%
Frankreich
75%
Schweden
75%
Indien
69%
Chile
63%
Chile
63%
Belgien
56%
Iran
56%
Mexiko
56%
Peru
50%
Türkei
50%
Katar
44%
Bahrain
38%
Irland
38%
Kuwait
31%
Weißrussland
31%
Pakistan
25%
Singapur
25%
Armenien
19%
Oman
13%
Panama
13%

Verteilung der Resultate

Perzentil nach korrekt beantworteten Fragen

Anzahl Personen mit jedem Resultat

Ihre Resultats-Entwicklung

Sie haben dieses Quiz noch nicht gespielt